000 00659nam a22001937a 4500
008 211031b |||||||| |||| 00| 0 eng d
020 _a9789937066082
041 _aNep.
082 _aN895.51408
_bP338s
_223rd.
100 1 _aपाण्डे, रमेश
241 _aSakaratmak yatra (sochaharuko sankalan) /Pande, Ramesh
245 _aसकारात्मक यात्रा :
_bसोचहरुको संकलन /
_cरमेश पाण्डे.
260 _a[s.l]:
_b[s.n]
_c2076BS.
300 _a272p.
650 _aNepali literature
650 _aNepali essay
650 _aLiterary collection
_915654
942 _2ddc
_cGEN
999 _c102281
_d102270